| Поле | Название | Значение |
| |
Тип записи |
a |
| |
Библиографический уровень |
m |
| 001 |
Контрольный номер |
RU/SLIB/B/208766130 |
| 005 |
Дата корректировки |
20201206204241.3 |
| 010 |
Индекс ISBN |
__ |
| d |
Цена |
140-00 |
| 101 |
Язык документа |
__ |
| a |
Язык текста |
rus |
| c |
Язык оригинала |
rus |
| 200 |
Заглавие и сведения об ответственности |
1_ |
| a |
Заглавие |
Ханты-Мансийский автономный округ |
| e |
Сведения, относящиеся к заглавию |
[буклет] |
| f |
Первые сведения об ответственности |
Упр. по внешнеэконом. и межрегион. связям адм. ХМАО |
| b |
Общее обозначение материала |
Текст |
| 210 |
Выходные данные |
__ |
| a |
Место издания |
Ханты-Мансийск |
| c |
Издательство |
Пресса |
| d |
Дата издания |
[б. г.] |
| 215 |
Физическое описание |
__ |
| a |
Объем |
12 с. |
| 606 |
Тематические рубрики |
__ |
| a |
Основная рубрика |
География |
| y |
Географическая подрубрика |
Россия ; РФ ; Российская Федерация ; Тюменская область ; ХМАО ; Ханты-Мансийский автономный округ |
| 606 |
Тематические рубрики |
__ |
| a |
Основная рубрика |
Краеведение |
| 610 |
Ключевые слова |
__ |
| a |
Ключевые слова |
административное деление; население; предприятия; промышленность; здравоохранение |
| 686 |
Индексы других классификаций |
__ |
| a |
Классификационный индекс |
К26.89(2Рос-6Хан) ; стК26.89(2Рос-6Хан) |
| 801 |
Источник записи |
_0 |
| a |
Страна |
RU |
| b |
Организация |
Муниципальное бюджетное учреждение культуры "Централизованная библиотечная система" г. Сургут (Центральная городская библиотека им. А. С. Пушкина) |
| g |
Правила каталогизации |
КиК/Варварина; КиК/Гришунина |
| 801 |
Источник записи |
_1 |
| a |
Страна |
RU |
| b |
Организация |
Муниципальное бюджетное учреждение культуры "Централизованная библиотечная система" г. Сургут (Центральная городская библиотека им. А. С. Пушкина) |
| g |
Правила каталогизации |
КиК/Варварина; КиК/Гришунина |
| 852 |
Данные о местонахождении |
__ |
| j |
Шифр хранения |
К26.89(2Рос-6Хан) |
| c |
Каталожный индекс |
К26.89(2Рос-4Тюм-6Хат) |
| i |
Авторский знак |
Х 19 |
| p |
Инвентарный номер |
Б/Н |
| 901 |
Тип документа |
__ |
| t |
Тип документа |
m |
| 903 |
Характеристики (МАРС) |
__ |
| a |
Дата передачи |
20040618; 20010601 |
| 969 |
Тип издания |
__ |
| a |
Тип издания |
буклет |
| 990 |
Данные о заказе (DOS) |
__ |
| h |
N записи в КСУ для Б/У (DOS) |
200406; 200105 |
| j |
Количество экземпляров (DOS) |
1; 2 |